| 000 | 01990nam a22003617a 4500 | ||
|---|---|---|---|
| 999 |
_c21814 _d21814 |
||
| 003 | AR-CdUCM | ||
| 008 | 190425b ||||| |||| 00| 0 spa d | ||
| 040 |
_aMUNICIPALIDAD PROVINCIAL DEL CUSCO _cBIBLIOTECA MUNICIPAL DEL CUSCO |
||
| 082 | _aRev.Allp/N°16/1980 | ||
| 110 |
_aInstituto de Pastoral Andina _912766 |
||
| 245 |
_aAllpanchis Phuturinqa : _bRevista Anual / |
||
| 260 |
_aCusco : _bInstituto de Pastoral Andina, _c1980. |
||
| 300 |
_a194 páginas. : _c20 cm. |
||
| 440 |
_aRevista del Instituto de Pastoral Andina Cusco _nAño [ ], [ ] semestre de 1980, N°16. Vol. XIV _946221 |
||
| 500 | _aMariátegui y el mundo andino | ||
| 505 | _aContenido: Jorge Basadre o la voluntad de persistir. Robert Paris. -- José Carlos Mariátegui y el modelo del comunismo inca. Robert Paris. -- El nacionalismo andino. Carlos Franco. -- Mariátegui y la inteligencia del sur andino. José Tamayo Herrera. -- La correspondencia de José Carlos Mariátegui a Jauja. Moisés Arroyo Posadas. -- La comunidad indígena y su transformación según Castro Pozo. Manuel Marzal. -- Del significado de algunos términos usados en los documentos de la revolución tupamarista 1780-1783. Jan Szeminski. -- Problemas para el estudio de la historia regional el caso del Cusco. Luis Miguel Glave. -- Guerra y nación en el Perú. Alberto Flores Galindo. -- Acerca de la historia militar inca. Waldemar Espinoza. | ||
| 650 |
_aJosé Carlos Mariátegui _946223 |
||
| 650 |
_aNacionalismo _92901 |
||
| 650 |
_aComunidades indígenas _93290 |
||
| 650 |
_aTupac Amaru _9623 |
||
| 650 |
_aHistoria regional _98020 |
||
| 650 |
_aInkas _91899 |
||
| 700 |
_aParis, Robert _926237 |
||
| 700 |
_aFranco, Carlos _910248 |
||
| 700 |
_aTamayo Herrera, José _911513 |
||
| 700 |
_aArroyo Posadas, Moisés _932621 |
||
| 700 |
_aMarzal, Manuel _946162 |
||
| 700 |
_aSzeminski, Jan _95840 |
||
| 700 |
_aFlores Galindo, Alberto _92837 |
||
| 700 |
_aEspinoza, Waldemar _916830 |
||
| 942 |
_2ddc _cPP |
||
| 945 | _arac | ||